LEADER 01472nam a2200241 i 4500 001 000000193779 003 CaOOAMICUS 005 20250919145909.0 008 101028s1910 it u000 u ita u 013 $a172422 040 $aSeMil$bita 100 1 $aFerrari, Andrea Carlo,$c.$0(OLS)http://semarc/name/8218 245 10$a...nec nominetur :$bLettera pastorale per la Santa Quaresima dell'anno 1910 all'Archidiocesi di Milano. 260 $aMilano :$bTip. Pontificia e Arcivescovile S. Giuseppe,$c1910. 300 $a31 p. ;$c27 cm. 500 $aStemma dell'Arcivescovo A. Ferrari sul front. - Rilegato insieme ad altre lettere pastorali nel vol. con segnatura 2F-V-27 FA. 650 4$aFerrari, Andrea Carlo - Scritti, discorsi, omelie, lettere pastorali, etc.$0(OLS)http://semarc/subject/37544 773 0 $aFerrari, Andrea Carlo $t[Lettere pastorali] 109-151 (1905-febbraio 1910).$dMilano : Tip. e libreria arcivivescovile Ditta Boniardi-Pogliani di G. Giovanola e C., 1905-1910.$g150$w()23901 850 $aSeMil 852 $aSeMil$W1$xVenegono$y1$m2F V 27/42 FA$j144353$B144353$CSeMilBibl$Z2$F155745 $8I 996 $6245$a...nec nominetur :$bLettera pastorale per la Santa Quaresima dell'anno 1910 all'Archidiocesi di Milano$9(OLS)http://semarc/title/279387 996 $6260$aMilano :$bTip. Pontificia e Arcivescovile S. Giuseppe$9(OLS)http://semarc/publisher/37567 LEADER 01307nas a2200337 i 4500 001 000000239201 003 CaOOAMICUS 005 20190703124021.0 008 150223b1968 it uu u0 0ita r 013 $a218106 040 $aSeMil$bita 245 10$aCatechesi per preadolescenti : 1967-1968. 260 $aTorino :$bUfficio Catechistico Centrale Salesiano,$c1968. 300 $a1 v. (paginazioni varie). ;$c22 cm. 650 4$aPreadolescenti - Pastorale.$0(OLS)http://semarc/subject/15862 773 0 $tCatechesi.$dTorino : SEI, 1932.$x0391-5433$w()2088 774 0 $t[SENZA TITOLO].$w()284650 774 0 $t[SENZA TITOLO].$w()284651 774 0 $t[SENZA TITOLO].$w()284652 774 0 $t[SENZA TITOLO].$w()284653 774 0 $t[SENZA TITOLO].$w()284654 774 0 $t[SENZA TITOLO].$w()284655 774 0 $t[SENZA TITOLO].$w()284656 774 0 $t[SENZA TITOLO].$w()284657 774 0 $t[SENZA TITOLO].$w()284658 774 0 $t[SENZA TITOLO].$w()284659 850 $aSeMil 852 $aSeMil$W1$xVenegono$y1$m241 1 36/5$j189547$B189547$CSeMilBibl$Z2$F200349 $85 996 $6245$aCatechesi per preadolescenti : 1967-1968$9(OLS)http://semarc/title/340630 996 $6260$aTorino :$bUfficio Catechistico Centrale Salesiano$9(OLS)http://semarc/publisher/39352